जयशंकर प्रसाद की शिक्षाप्रद कहानियां / (Record no. 114792)

MARC details
000 -LEADER
fixed length control field 01119nam a22002777a 4500
003 - CONTROL NUMBER IDENTIFIER
control field dpl
005 - DATE AND TIME OF LATEST TRANSACTION
control field 20180912161217.0
008 - FIXED-LENGTH DATA ELEMENTS--GENERAL INFORMATION
fixed length control field 180912b xxu||||| |||| 00| 0 eng d
010 ## - LIBRARY OF CONGRESS CONTROL NUMBER
LC control number B-004914
020 ## - INTERNATIONAL STANDARD BOOK NUMBER
Terms of availability 150.00
035 ## - SYSTEM CONTROL NUMBER
System control number B-004914, B-004939
037 ## - SOURCE OF ACQUISITION
Source of stock number/acquisition Cen Lib/Ret
040 ## - CATALOGING SOURCE
Original cataloging agency DPL
Language of cataloging HN
Transcribing agency 0
082 ## - DEWEY DECIMAL CLASSIFICATION NUMBER
Classification number
Item number जयशं
245 ## - TITLE STATEMENT
Title जयशंकर प्रसाद की शिक्षाप्रद कहानियां /
Statement of responsibility, etc संकलन हरिवंश अनेजा
246 ## - VARYING FORM OF TITLE
Title proper/short title Jayshankar prasad ki shishaprad kahaniyan /
Remainder of title sankalan Harivansh Aneja
260 ## - PUBLICATION, DISTRIBUTION, ETC. (IMPRINT)
Place of publication, distribution, etc दिल्ली
Name of publisher, distributor, etc एच.के, बुक्स
Date of publication, distribution, etc 2000
270 ## - ADDRESS
Address शाहदरा
City दिल्ली
Postal code 110007
300 ## - PHYSICAL DESCRIPTION
Extent 144पृ.
Dimensions 19सेमी(सजिल्द )
650 ## - SUBJECT ADDED ENTRY--TOPICAL TERM
Topical term or geographic name as entry element हिंदी साहित्य
General subdivision
Geographic subdivision
9 (RLIN) 58362
650 ## - SUBJECT ADDED ENTRY--TOPICAL TERM
Topical term or geographic name as entry element हिंदी कहानियां
9 (RLIN) 2082
650 ## - SUBJECT ADDED ENTRY--TOPICAL TERM
Topical term or geographic name as entry element Hindi literature
Form subdivision
9 (RLIN) 58363
650 ## - SUBJECT ADDED ENTRY--TOPICAL TERM
Topical term or geographic name as entry element Hindi stories
9 (RLIN) 58364
700 ## - ADDED ENTRY--PERSONAL NAME
Numeration अनेजा, हरिवंश
9 (RLIN) 58365
942 ## - ADDED ENTRY ELEMENTS (KOHA)
Source of classification or shelving scheme Dewey Decimal Classification
Koha item type Hindi Books
Classification part
Call number suffix जयशं
Holdings
Withdrawn status Lost status Damaged status Not for loan Home library Current library Date acquired Source of acquisition Cost, normal purchase price Total Checkouts Full call number Barcode Date last seen Copy number Cost, replacement price Price effective from Koha item type Public note Source of classification or shelving scheme Collection code
Written off       Central Library Central Library 18/08/2015 Cen Lib/Ret 150.00   क जयशं B-004914 18/08/2015 1 150.00 18/08/2015 Hindi Books Written off on approval by DLB (By Circulation); dtd 20.12.2022    
        Shahdara Branch Shahdara Branch 12/09/2018 BPPD/PUB 150.00   क जयशं B-004939 12/09/2018   150.00 12/09/2018 Hindi Books   Dewey Decimal Classification Fiction

© Delhi Public Library
Hit Counter
free hit counter